000 00393nam a2200157Ia 4500
008 230524s9999 xx 000 0 und d
082 _a621.381
_bBOB
100 _aLeonard S.Bobrow
245 0 _aFundamentals of Electrical Engineering
250 _a2ND
260 _aNEW DELHI
_bOxford
_c2003
300 _aXIII;1163
500 _aQuantity Number: 5
650 _aElectrical
942 _cBK
999 _c13533
_d13533